[Event "Kemerovo Region Cup sf"]
[Site "Kemerovo"]
[Date "2014.07.23"]
[Round "4"]
[White "Mikhailov, Vladimir"]
[Black "Djexembinov, Sergey"]
[Result "1/2-1/2"]
[WhiteElo "2269"]
[BlackElo "2107"]
[PlyCount "37"]
[EventDate "2014.07.21"]
[EventType "swiss"]
[EventRounds "9"]
[EventCountry "RUS"]
[SourceTitle "EXT 2016"]
[Source "ChessBase"]
[SourceDate "2015.10.08"]
[SourceVersion "1"]
[SourceVersionDate "2015.10.08"]
[SourceQuality "1"]

1. d4 Nf6 2. Nf3 e6 3. c4 b6 4. g3 Bb7 5. Bg2 Be7 6. 0-0 0-0 7. d5 exd5 8. Nh4 c6 9. cxd5 Nxd5 10. Nf5 Nf6 11. e4 d5 12. e5 Ne8 13. b3 Nd7 14. Bb2 Nc5 15. Re1 Bc8 16. Nd4 Bd7 17. f4 Ne6 18. Nc2 f5 19. b4 1/2-1/2

[Event "Kemerovo Region Cup sf"]
[Site "Kemerovo"]
[Date "2014.07.22"]
[Round "2"]
[White "Mikhailov, Vladimir"]
[Black "Emeljashin, Yury"]
[Result "1-0"]
[WhiteElo "2269"]
[BlackElo "2049"]
[PlyCount "73"]
[EventDate "2014.07.21"]
[EventType "swiss"]
[EventRounds "9"]
[EventCountry "RUS"]
[SourceTitle "EXT 2016"]
[Source "ChessBase"]
[SourceDate "2015.10.08"]
[SourceVersion "1"]
[SourceVersionDate "2015.10.08"]
[SourceQuality "1"]

1. Nf3 d6 2. d4 f5 3. c4 Nf6 4. g3 g6 5. Bg2 Bg7 6. 0-0 0-0 7. Nc3 e6 8. Bg5 Nbd7 9. e4 e5 10. dxe5 dxe5 11. exf5 gxf5 12. Nh4 h6 13. Bc1 Nc5 14. Ng6 Qxd1 15. Rxd1 Re8 16. Nb5 Na6 17. b3 Kh7 18. Nh4 e4 19. Rb1 Ng4 20. Bf4 Be5 21. Bxe5 Nxe5 22. Nd4 Nb4 23. a3 Na2 24. Ne2 Nf3+ 25. Nxf3 exf3 26. Bxf3 Rxe2 27. Bxe2 Nc3 28. Bf3 Nxb1 29. Rxb1 Kg7 30. Rd1 Be6 31. Bxb7 Rb8 32. Bd5 Rd8 33. Bf3 Rb8 34. Rd3 f4 35. Be4 Kf6 36. gxf4 Rg8+ 37. Rg3 1-0

[Event "Kemerovo Region Cup sf"]
[Site "Kemerovo"]
[Date "2014.07.21"]
[Round "1"]
[White "Sinkin, Boris"]
[Black "Mikhailov, Vladimir"]
[Result "0-1"]
[WhiteElo "1877"]
[BlackElo "2269"]
[PlyCount "57"]
[EventDate "2014.07.21"]
[EventType "swiss"]
[EventRounds "9"]
[EventCountry "RUS"]
[SourceTitle "EXT 2016"]
[Source "ChessBase"]
[SourceDate "2015.10.08"]
[SourceVersion "1"]
[SourceVersionDate "2015.10.08"]
[SourceQuality "1"]

1. e4 c5 2. Nf3 Nc6 3. d4 cxd4 4. Nxd4 g6 5. Be3 Nf6 6. Nc3 Bg7 7. f3 0-0 8. Qd2 d5 9. Nxc6 bxc6 10. exd5 Nxd5 11. Bd4 e5 12. Bc5 Be6 13. Bxf8 Qxf8 14. Ne4 a5 15. c4 Bh6 16. Qc2 Qb4+ 17. Kf2 Be3+ 18. Ke2 Bd4 19. cxd5 cxd5 20. Nc3 Rb8 21. g4 Qxb2 22. Qxb2 Rxb2+ 23. Kd3 Rf2 24. Be2 Bxc3 25. Rad1 d4 26. Rhf1 Rxf1 27. Rxf1 Bxa2 28. Kc2 a4 29. Bd3 0-1

[Event "Satka Summer op"]
[Site "Satka"]
[Date "2013.07.08"]
[Round "8"]
[White "Mikhailov, Vladimir"]
[Black "Kuparev, Alexander"]
[Result "1-0"]
[WhiteElo "1872"]
[BlackElo "1804"]
[PlyCount "39"]
[EventDate "2013.07.02"]
[EventType "swiss"]
[EventRounds "9"]
[EventCountry "RUS"]
[SourceTitle "EXT 2014"]
[Source "ChessBase"]
[SourceDate "2013.11.20"]
[SourceVersion "1"]
[SourceVersionDate "2013.11.20"]
[SourceQuality "1"]

1. e4 e5 2. Nf3 Nc6 3. Bb5 g6 4. 0-0 Bg7 5. c3 Nge7 6. d4 exd4 7. cxd4 0-0 8. d5 Ne5 9. Nxe5 Bxe5 10. f4 Bg7 11. d6 Nc6 12. Kh1 Nd4 13. Bc4 cxd6 14. Be3 Nc6 15. Nc3 Ne7 16. Qxd6 b6 17. f5 gxf5 18. exf5 Bb7 19. f6 Nc8 20. Qg3 1-0

[Event "Satka Summer op"]
[Site "Satka"]
[Date "2013.07.05"]
[Round "4"]
[White "Mikhailov, Vladimir"]
[Black "Kanakin, Konstantin"]
[Result "0-1"]
[WhiteElo "1872"]
[BlackElo "1987"]
[PlyCount "118"]
[EventDate "2013.07.02"]
[EventType "swiss"]
[EventRounds "9"]
[EventCountry "RUS"]
[SourceTitle "EXT 2014"]
[Source "ChessBase"]
[SourceDate "2013.11.20"]
[SourceVersion "1"]
[SourceVersionDate "2013.11.20"]
[SourceQuality "1"]

1. e4 c5 2. g3 Nc6 3. Bg2 g6 4. d3 Bg7 5. f4 d6 6. Nf3 e6 7. Nc3 Nge7 8. Be3 Nd4 9. 0-0 0-0 10. Rb1 Nec6 11. Ne2 Rb8 12. c3 Nxe2+ 13. Qxe2 b5 14. d4 cxd4 15. cxd4 Ne7 16. b4 a6 17. Rfc1 Bb7 18. Nd2 Qd7 19. Nb3 Rfc8 20. Qd3 Nc6 21. a3 Ne7 22. Qd2 f5 23. e5 Bxg2 24. Kxg2 Nd5 25. Rxc8+ Rxc8 26. Rc1 Rc7 27. Kf2 Nb6 28. exd6 Rxc1 29. Qxc1 Nc4 30. Nd2 Nxd6 31. Qc2 Kf7 32. Ke2 Qb7 33. Kd3 Bf6 34. Qc5 Be7 35. Qc2 Qd5 36. Qb3 Qg2 37. Qd1 Qxh2 38. Qg1 Qxg1 39. Bxg1 Ke8 40. Be3 Kd7 41. Nb3 Nc4 42. Bc1 Kc6 43. Na1 Kb6 44. Nc2 Kc6 45. Ne1 h6 46. Nf3 Bf6 47. Nh2 Kd5 48. Nf3 Kc6 49. Ng1 Kd6 50. Ne2 g5 51. Nc3 g4 52. a4 Kc6 53. axb5+ axb5 54. Ne2 h5 55. Bd2 h4 56. gxh4 Bxh4 57. Nc3 Nxd2 58. Kxd2 Bf2 59. Kd3 g3 0-1

[Event "Satka Summer op"]
[Site "Satka"]
[Date "2013.07.02"]
[Round "1"]
[White "Imashev, Ildar"]
[Black "Mikhailov, Vladimir"]
[Result "1-0"]
[WhiteElo "2273"]
[BlackElo "1872"]
[PlyCount "79"]
[EventDate "2013.07.02"]
[EventType "swiss"]
[EventRounds "9"]
[EventCountry "RUS"]
[SourceTitle "EXT 2014"]
[Source "ChessBase"]
[SourceDate "2013.11.20"]
[SourceVersion "1"]
[SourceVersionDate "2013.11.20"]
[SourceQuality "1"]

1. c4 e5 2. Nc3 f5 3. d4 exd4 4. Qxd4 Nc6 5. Qe3+ Be7 6. Nd5 d6 7. Nf3 h6 8. g3 Kf7 9. Bg2 Nf6 10. 0-0 Re8 11. Qb3 Rb8 12. Rd1 Ne4 13. Be3 b6 14. Qc2 Bd7 15. b4 Nf6 16. b5 Nxd5 17. cxd5 Ne5 18. Nd4 Rh8 19. h3 g6 20. f4 Rc8 21. fxe5 dxe5 22. Nc6 Bxc6 23. dxc6 Bd6 24. Bd5+ Kg7 25. Be6 Ra8 26. Bf2 Qf6 27. Bd7 Rhf8 28. Qc4 Rf7 29. Qe6 Qd8 30. Rac1 Rf6 31. Qc4 Qe7 32. a4 Qf8 33. Rd5 Qe7 34. Rcd1 Raf8 35. a5 Rd8 36. Qa2 Rb8 37. Kh1 Qf8 38. Qa1 Qe7 39. Be1 Kh7 40. Bc3 1-0

[Event "Kemerovo Chess School-ch"]
[Site "Kemerovo"]
[Date "2013.04.10"]
[Round "9"]
[White "Koveshnikova, Daria"]
[Black "Mikhailov, Vladimir"]
[Result "0-1"]
[WhiteElo "2025"]
[BlackElo "2303"]
[PlyCount "50"]
[EventDate "2013.02.24"]
[EventType "swiss"]
[EventRounds "9"]
[EventCountry "RUS"]
[SourceTitle "EXT 2014"]
[Source "ChessBase"]
[SourceDate "2013.11.20"]
[SourceVersion "1"]
[SourceVersionDate "2013.11.20"]
[SourceQuality "1"]

1. d4 Nf6 2. Nf3 c5 3. c4 cxd4 4. Nxd4 b6 5. f3 Bb7 6. e4 d6 7. Nc3 e6 8. Be3 Be7 9. Be2 0-0 10. 0-0 a6 11. Kh1 Nbd7 12. Qe1 Rc8 13. Rc1 Re8 14. Qf2 Qc7 15. Rfd1 Qb8 16. Bf1 Bd8 17. Nb3 Bc7 18. Bd2 d5 19. cxd5 Bxh2 20. dxe6 Rxe6 21. Be3 Bg3 22. Qe2 Re5 23. Qd3 Rh5+ 24. Kg1 Qe5 25. Nd5 Rh1+ 0-1

[Event "Kemerovo Chess School-ch"]
[Site "Kemerovo"]
[Date "2013.04.07"]
[Round "8"]
[White "Mikhailov, Vladimir"]
[Black "Feofanov, Andrei"]
[Result "1/2-1/2"]
[WhiteElo "2303"]
[BlackElo "2010"]
[PlyCount "31"]
[EventDate "2013.02.24"]
[EventType "swiss"]
[EventRounds "9"]
[EventCountry "RUS"]
[SourceTitle "EXT 2014"]
[Source "ChessBase"]
[SourceDate "2013.11.20"]
[SourceVersion "1"]
[SourceVersionDate "2013.11.20"]
[SourceQuality "1"]

1. Nf3 Nf6 2. c4 g6 3. d4 Bg7 4. Nc3 0-0 5. e4 d6 6. Be2 e5 7. dxe5 dxe5 8. Qxd8 Rxd8 9. Bg5 Re8 10. Nd5 Nxd5 11. cxd5 c6 12. Bc4 cxd5 13. Bxd5 Nd7 14. Nd2 Nc5 15. 0-0 Be6 16. Bxe6 1/2-1/2

[Event "Kemerovo Chess School-ch"]
[Site "Kemerovo"]
[Date "2013.03.10"]
[Round "5"]
[White "Cheremnova, Tamara"]
[Black "Mikhailov, Vladimir"]
[Result "1/2-1/2"]
[WhiteElo "2270"]
[BlackElo "2303"]
[PlyCount "95"]
[EventDate "2013.02.24"]
[EventType "swiss"]
[EventRounds "9"]
[EventCountry "RUS"]
[SourceTitle "EXT 2014"]
[Source "ChessBase"]
[SourceDate "2013.11.20"]
[SourceVersion "1"]
[SourceVersionDate "2013.11.20"]
[SourceQuality "1"]

1. d4 Nf6 2. c4 e6 3. Nf3 b6 4. g3 Bb7 5. Bg2 Be7 6. Nc3 Ne4 7. Bd2 Bf6 8. Rc1 Bxd4 9. Nxd4 Nxc3 10. Bxb7 Nxd1 11. Rxd1 c6 12. Bf4 f6 13. Bd6 a5 14. Bxa8 Qc8 15. Bxb8 Qxb8 16. Bxc6 dxc6 17. Nxc6 Qc7 18. Rd8+ Kf7 19. Rxh8 Qxc6 20. 0-0 Qxc4 21. Rb8 Qc7 22. Ra8 Qc2 23. e3 Qxb2 24. Rb8 a4 25. a3 Qxa3 26. Rxb6 Qc3 27. Rbb1 a3 28. Ra1 Qb2 29. Rfb1 Qc2 30. Rb7+ Kg6 31. Ra7 e5 32. R7xa3 Kf5 33. Ra7 Qb2 34. Rf1 Kg6 35. Rd1 Qc2 36. Rda1 Qb2 37. Rd1 Qc2 38. Raa1 h5 39. Rac1 Qb2 40. h3 Kf5 41. Rc7 Qb3 42. Rdc1 Qb2 43. R1c4 Qe2 44. Kg2 Qd3 45. g4+ hxg4 46. Rxg4 g5 47. Rb4 Qd6 48. Rbc4 1/2-1/2

[Event "Kemerovo-ch"]
[Site "Kemerovo"]
[Date "2011.03.23"]
[Round "9"]
[White "Mikhailov, Vladimir"]
[Black "Konyshev, Artem"]
[Result "1/2-1/2"]
[WhiteElo "1972"]
[BlackElo "2379"]
[PlyCount "20"]
[EventDate "2011.02.20"]
[EventType "swiss"]
[EventRounds "9"]
[EventCountry "RUS"]
[SourceTitle "CBM 141 Extra"]
[Source "ChessBase"]
[SourceDate "2011.05.03"]
[SourceVersion "1"]
[SourceVersionDate "2011.05.03"]
[SourceQuality "1"]

1. Nf3 c5 2. c4 Nc6 3. Nc3 g6 4. g3 Bg7 5. Bg2 Nf6 6. 0-0 0-0 7. d4 cxd4 8. Nxd4 Nxd4 9. Qxd4 d6 10. b3 d5 1/2-1/2

[Event "Kemerovo-ch"]
[Site "Kemerovo"]
[Date "2011.03.16"]
[Round "7"]
[White "Mikhailov, Vladimir"]
[Black "Fanaskov, Vjacheslav"]
[Result "1-0"]
[WhiteElo "1972"]
[BlackElo "2212"]
[PlyCount "99"]
[EventDate "2011.02.20"]
[EventType "swiss"]
[EventRounds "9"]
[EventCountry "RUS"]
[SourceTitle "CBM 141 Extra"]
[Source "ChessBase"]
[SourceDate "2011.05.03"]
[SourceVersion "1"]
[SourceVersionDate "2011.05.03"]
[SourceQuality "1"]

1. Nf3 Nf6 2. c4 e6 3. g3 b6 4. Bg2 Bb7 5. 0-0 Be7 6. d4 0-0 7. d5 exd5 8. Nh4 Ne8 9. Nf5 Bf6 10. cxd5 d6 11. Nc3 Qd7 12. Bh3 Kh8 13. Kg2 Bc8 14. Ne4 Bd8 15. g4 c6 16. f3 cxd5 17. Nc3 Nc7 18. Bf4 Be7 19. Nxd5 Nxd5 20. Qxd5 Bb7 21. Qd2 d5 22. Rad1 Na6 23. e4 Rad8 24. g5 Qe8 25. Qd4 Rg8 26. Qe5 Bc5 27. Qxe8 Rgxe8 28. e5 Nc7 29. Nd6 Bxd6 30. exd6 Ne6 31. Bxe6 Rxe6 32. Rfe1 Bc8 33. Kf2 Kg8 34. Rxd5 Kf8 35. Rc1 Ba6 36. Rd2 Rd7 37. Rc7 Rxc7 38. dxc7 Rc6 39. Rd8+ Ke7 40. Ra8 Kd7 41. Rg8 g6 42. Kg3 Bb7 43. Rh8 a5 44. Rxh7 Ke7 45. Rh8 Kd7 46. h4 Ke7 47. h5 gxh5 48. Rxh5 Bc8 49. Rh6 Rg6 50. Rh8 1-0

[Event "Satka op"]
[Site "Satka"]
[Date "2010.11.27"]
[Round "9"]
[White "Tsvetkov, Pavel"]
[Black "Mikhailov, Vladimir"]
[Result "1-0"]
[WhiteElo "2057"]
[BlackElo "1973"]
[PlyCount "127"]
[EventDate "2010.11.13"]
[EventType "swiss"]
[EventRounds "9"]
[EventCountry "RUS"]
[SourceTitle "EXT 2022"]
[Source "ChessBase"]
[SourceDate "2021.10.06"]
[SourceVersion "1"]
[SourceVersionDate "2021.10.06"]
[SourceQuality "1"]

1. e4 e5 2. Nf3 Nc6 3. Bc4 Bc5 4. 0-0 d6 5. c3 Bg4 6. d3 Nf6 7. Be3 Bb6 8. Nbd2 h6 9. h3 Bh5 10. Qb3 Na5 11. Qa4+ c6 12. Nh4 Bxe3 13. fxe3 b5 14. Bxb5 cxb5 15. Qxb5+ Nd7 16. Nf5 0-0 17. b4 Rb8 18. Qxa5 Qxa5 19. bxa5 Be2 20. Rf2 Bxd3 21. Nxd6 Nc5 22. Rc1 Rbd8 23. Nf5 Bxe4 24. Nxe4 Nxe4 25. Rb2 Rd7 26. Rb5 Rc7 27. Rxe5 Nxc3 28. Kh2 Kh7 29. Re7 Rfc8 30. Nd6 Rxe7 31. Nxc8 Rc7 32. Nxa7 Rxa7 33. Rxc3 Rxa5 34. a3 Kg6 35. Kg3 Ra4 36. Kf3 f5 37. Ke2 Kg5 38. Rd3 Kf6 39. Kd2 g5 40. Kc2 Ke5 41. Kb3 Ra6 42. a4 Ke4 43. Rc3 f4 44. exf4 gxf4 45. Kb4 Rg6 46. Rc2 Rg7 47. a5 Rb7+ 48. Ka4 Rb1 49. Ra2 Kd5 50. Rf2 Ra1+ 51. Kb5 Rb1+ 52. Ka6 Rb4 53. Rc2 Rb3 54. Ka7 f3 55. gxf3 Rxf3 56. h4 Rh3 57. a6 Rxh4 58. Kb6 Ra4 59. Rh2 Kd6 60. Rxh6+ Kd7 61. a7 Rb4+ 62. Ka5 Rb1 63. Ra6 Ra1+ 64. Kb5 1-0

[Event "Kemerovo-ch"]
[Site "Kemerovo"]
[Date "2010.03.20"]
[Round "8"]
[White "Mikhailov, Vladimir"]
[Black "Konyshev, Artem"]
[Result "1/2-1/2"]
[WhiteElo "2268"]
[BlackElo "2370"]
[PlyCount "24"]
[EventDate "2010.03.15"]
[EventType "swiss"]
[EventRounds "9"]
[EventCountry "RUS"]
[SourceTitle "CBM 135 Extra"]
[Source "ChessBase"]
[SourceDate "2010.05.04"]
[SourceVersion "1"]
[SourceVersionDate "2010.05.04"]
[SourceQuality "1"]

1. e4 c6 2. d4 d5 3. exd5 cxd5 4. Bd3 Nf6 5. c3 Nc6 6. Bf4 Bg4 7. Nf3 e6 8. Nbd2 Bd6 9. Bxd6 Qxd6 10. 0-0 0-0 11. Qb3 Bxf3 12. Nxf3 Rab8 1/2-1/2

[Event "Kemerovo-ch"]
[Site "Kemerovo"]
[Date "2010.03.16"]
[Round "2"]
[White "Chigaev, Maksim"]
[Black "Mikhailov, Vladimir"]
[Result "1/2-1/2"]
[WhiteElo "2166"]
[BlackElo "2268"]
[PlyCount "42"]
[EventDate "2010.03.15"]
[EventType "swiss"]
[EventRounds "9"]
[EventCountry "RUS"]
[SourceTitle "CBM 135 Extra"]
[Source "ChessBase"]
[SourceDate "2010.05.04"]
[SourceVersion "1"]
[SourceVersionDate "2010.05.04"]
[SourceQuality "1"]

1. e4 c6 2. Nc3 g6 3. Nf3 Bg7 4. Bc4 d6 5. 0-0 Nf6 6. Qe2 0-0 7. e5 dxe5 8. Nxe5 Nbd7 9. d4 Nb6 10. Rd1 Nxc4 11. Qxc4 Be6 12. Qe2 Bd5 13. Na4 Qc8 14. c4 Be6 15. Nc3 Nd7 16. Bf4 Nxe5 17. Bxe5 Bxe5 18. dxe5 Qc7 19. b3 Rfd8 20. Qe3 Kg7 21. Ne2 Rxd1+ 1/2-1/2

[Event "Kemerovo op"]
[Site "Kemerovo"]
[Date "2009.10.23"]
[Round "9"]
[White "Nevostrujev, Vladimir"]
[Black "Mikhailov, Vladimir"]
[Result "1/2-1/2"]
[WhiteElo "2508"]
[BlackElo "2261"]
[PlyCount "23"]
[EventDate "2009.10.16"]
[EventType "swiss"]
[EventRounds "9"]
[EventCountry "RUS"]
[SourceTitle "EXT 2010"]
[Source "ChessBase"]
[SourceDate "2010.11.25"]
[SourceVersion "1"]
[SourceVersionDate "2010.11.25"]
[SourceQuality "1"]

1. e4 c5 2. Nf3 Nc6 3. d4 cxd4 4. Nxd4 g6 5. c4 Nf6 6. Nc3 Nxd4 7. Qxd4 d6 8. Be3 Bg7 9. Be2 0-0 10. Qd2 Be6 11. 0-0 Qa5 12. Rac1 1/2-1/2

[Event "Kemerovo op 08"]
[Site "Kemerovo"]
[Date "2009.08.27"]
[Round "8"]
[White "Starkov, S."]
[Black "Mikhailov, Vladimir"]
[Result "1-0"]
[WhiteElo "2218"]
[BlackElo "2269"]
[PlyCount "91"]
[EventDate "2009.08.22"]
[EventType "swiss"]
[EventRounds "9"]
[EventCountry "RUS"]
[SourceTitle "EXT 2012"]
[Source "ChessBase"]
[SourceDate "2011.11.24"]
[SourceVersion "1"]
[SourceVersionDate "2011.11.24"]
[SourceQuality "1"]

1. e4 c6 2. d4 g6 3. f4 d5 4. e5 h5 5. Nf3 Bg4 6. h3 Bxf3 7. Qxf3 e6 8. Nd2 h4 9. Nb3 Nh6 10. Be3 Nf5 11. Bf2 Nd7 12. Bd3 Qb6 13. 0-0 Be7 14. c4 Kf8 15. Rfc1 Kg7 16. Rc2 Rhc8 17. Rac1 Qd8 18. Kh2 dxc4 19. Rxc4 Nb6 20. R4c2 Nd5 21. a3 Qh8 22. Be4 Rd8 23. Rg1 Qh6 24. Bxd5 Rxd5 25. Be3 Rad8 26. Rf1 R8d7 27. Rc3 Qh8 28. Bf2 Qd8 29. Re1 Qb6 30. Re2 Qb5 31. Rec2 a5 32. Qg4 b6 33. Qf3 a4 34. Nc1 Nxd4 35. Bxd4 Rxd4 36. Ne2 Rd2 37. Rxc6 Bc5 38. Nc3 Qb3 39. Rxd2 Rxd2 40. Rc7 Qc2 41. Ne4 Rd3 42. Nxc5 Qxc5 43. Qb7 Qf8 44. Qxb6 Qa8 45. Qxe6 Qf8 46. Qf6+ 1-0

[Event "Kemerovo op 08"]
[Site "Kemerovo"]
[Date "2009.08.23"]
[Round "3"]
[White "Mikhailov, Vladimir"]
[Black "Fedechkin, Vladimir"]
[Result "1-0"]
[WhiteElo "2269"]
[BlackElo "1995"]
[PlyCount "119"]
[EventDate "2009.08.22"]
[EventType "swiss"]
[EventRounds "9"]
[EventCountry "RUS"]
[SourceTitle "EXT 2012"]
[Source "ChessBase"]
[SourceDate "2011.11.24"]
[SourceVersion "1"]
[SourceVersionDate "2011.11.24"]
[SourceQuality "1"]

1. Nf3 Nf6 2. c4 c6 3. d4 d5 4. Nc3 e6 5. Qd3 Nbd7 6. g3 Be7 7. Bg2 0-0 8. 0-0 dxc4 9. Qxc4 a6 10. Rd1 b5 11. Qd3 Bb7 12. Ng5 Qb6 13. Be3 c5 14. dxc5 Nxc5 15. Bxb7 Qxb7 16. Bxc5 Bxc5 17. Nce4 Nxe4 18. Qxe4 Qxe4 19. Nxe4 Bb4 20. Rd7 Rfd8 21. Rad1 Ba5 22. Ng5 Bb6 23. e3 Rxd7 24. Rxd7 Ra7 25. Rd6 Bc7 26. Rc6 h6 27. Ne4 Kf8 28. Nc5 a5 29. Kg2 Ke7 30. Kf3 Be5 31. Nd3 Bd6 32. Rb6 b4 33. b3 Rc7 34. Ra6 Rc3 35. Nb2 Rc2 36. Nc4 Bc7 37. Nxa5 Bxa5 38. Rxa5 f5 39. Rb5 Rxa2 40. Rxb4 Rb2 41. Rb8 Kf6 42. b4 g5 43. h4 gxh4 44. gxh4 h5 45. b5 Ke5 46. b6 Rb3 47. b7 f4 48. Rh8 Rxb7 49. Rxh5+ Kf6 50. Kxf4 Rb2 51. Kf3 Kg6 52. Rg5+ Kf6 53. Rg2 Rb4 54. Rh2 Kg6 55. h5+ Kh6 56. Kg3 e5 57. Rh4 Rb5 58. f3 Ra5 59. Kg4 Ra4+ 60. e4 1-0